MARC보기
LDR00000nam c2200205 k 4500
001000000338726
00520250807154220
007ta
008250729s2010 ulka r 000af kor
020 ▼a 9788937460753 ▼g 04840 : ▼c \9000
020 ▼a 9788937460005(세트)
040 ▼a 248032 ▼c 248032 ▼d 248032
0411 ▼a kor ▼h eng
0490 ▼l EM111168 ▼l EM111169 ▼c 2 ▼l EM111170 ▼c 3
056 ▼a 843 ▼2 4
090 ▼a 843 ▼b 피85아2
24520 ▼a 위대한 개츠비 / ▼d F. 스콧 피츠제럴드 ; ▼e 김욱동 옮김
24611 ▼a The Great Gatsby
250 ▼a 2판
260 ▼a 서울 : ▼b 민음사, ▼c 2010
300 ▼a 297 p. : ▼b 삽화 ; ▼c 23 cm
49010 ▼a 세계문학전집 ; ▼v 75
500 ▼a 원저자명 : F. Scott Fitzgerald
653 ▼a 장편소설 ▼a 미국소설 ▼a 미국문학 ▼a 세계문학
7001 ▼a 피츠제럴드, F. 스콧, ▼e 저
7001 ▼a 김욱동, ▼e 옮김
830 0 ▼a 세계문학전집 ; ▼v 75
90011 ▼a Fitzgerald, F. Scott
9500 ▼b \9000
990 ▼a 관리자2 ▼b 관리자2